Normal view MARC view
  • Chiltern International Fire

Entry Corporate Name

Number of records used in: 1

001 - CONTROL NUMBER

  • control field: 5946

003 - CONTROL NUMBER IDENTIFIER

  • control field: SIRSI

005 - DATE AND TIME OF LATEST TRANSACTION

  • control field: 20190806150248.0

008 - FIXED-LENGTH DATA ELEMENTS

  • fixed length control field: 110516n| acannaabn |n ana d

040 ## - CATALOGING SOURCE

  • Original cataloging agency: OSt
  • Transcribing agency: OSt

110 0# - HEADING--CORPORATE NAME

  • Corporate name or jurisdiction name as entry element: Chiltern International Fire

670 ## - SOURCE DATA FOUND

  • Source citation: Historic buildings and fire safety, [2011?]